00626nam a2200205Ia 4500003000900000008004100009020001800050040001600068080002000084100001900104245012800123250001200251260003500263300001500298650004100313650000900354650001800363650001600381700002300397IN-BaIIA211028s9999 xx 000 0 eng d a81-203-0616-3 cIIA Library a621.389.04bPUC aPucknell, D. A 0aBasic VLSI designbsystems and circuitscD. A. Pucknell and Kamran Eshraghian  a2nd ed. aNew DelhibPrentice-Hallc1993 axix, 404p. aAstronomy and astrophysics thesaurus aVLSI aVLSI circuits aVLSI design aEshraghian, Kamran